| 000 | 00934nam a22002297a 4500 | ||
|---|---|---|---|
| 008 | 240526b mp ||||| |||| 00| 0 mon d | ||
| 020 | _a978-99973-1-794-0 | ||
| 035 | _a28148 | ||
| 040 |
_aДорноговь аймгийн нийтийн номын сан _bmon _cMN-UlNLM _dMN-UlNLM _erda |
||
| 041 | _amon | ||
| 042 | _a60455 | ||
| 084 |
_2НСНЗА _a83.8 _bК-986 |
||
| 100 | _aЭрих Кэстнер | ||
| 245 | 0 | _aЛотте,Луизе хоёр | |
| 264 |
_aУлаанбаатар _bМон судар _c2019 |
||
| 300 | _a208х. | ||
| 336 |
_2rdacontent _atext _btxt |
||
| 337 |
_2rdamedia _aunmediated _bn |
||
| 338 |
_2rdacarrier _avolume _bnc |
||
| 650 | _aЭнэхүү зохиол нь олон орноо дэлгэцийн бүтээл болж гарснаараа дэлхийн мянга мянган хүүхдийн хайртай зохиол болж чадсан. Охид сэрг... | ||
| 942 |
_2NNA _cBK |
||
| 999 |
_c736207 _d736264 |
||